| 000 | 01887cam a2200541 a 4500 | ||
|---|---|---|---|
| 001 | 21873 | ||
| 003 | VRT | ||
| 005 | 20260313140855.0 | ||
| 008 | 240318s2014 xo a a 001 0 slo | ||
| 015 | _aSNBA2014/07 | ||
| 020 |
_a9788055137681 _q(hrebeňová väzba) |
||
| 035 | _aE15D3534-0B26-4947-BA34-627F5449DB75 | ||
| 035 | _aurn:nbn:sk:snk-amk4hf | ||
| 035 | _aurn:nbn:sk:snk-am0057nk | ||
| 039 | 9 |
_a202403181809 _bVLOAD _c201712201425 _dmtotk19 _c201604291235 _dVLOAD _c201604271615 _dVLOAD |
|
| 040 |
_aSVKBB _bslo _cSVKBB _dSNK _eAACR2 |
||
| 041 | 1 |
_aslo _hfre |
|
| 044 |
_axo _cSK |
||
| 072 | 7 |
_a00 _xVeda. Všeobecnosti. Základy vedy a kultúry. Vedecká práca _2konspekt |
|
| 072 | 7 |
_a0/9-053.2 _xLiteratúra pre deti a mládež (náučná) _2konspekt |
|
| 080 |
_a0/9 _22001 |
||
| 080 |
_a(0.053.2) _22001 |
||
| 100 | 1 |
_aFougcre, Isabelle _4aut |
|
| 240 | 1 | 0 |
_aDis-moi comment? _lSlovensky |
| 245 | 1 | 0 |
_aPovedz mi ako? _cIsabelle Fougcrová ; [z francúzskeho originálu ... preložila Alica Wursterová] |
| 250 | _a1. vyd. | ||
| 260 |
_aBratislava _bIkar _c2014 |
||
| 300 |
_a107 s. _bilustr. _c21 cm |
||
| 504 | _aReg. | ||
| 650 | 0 | 7 |
_avšeobecnosti a zaujímavosti _2SNKPH |
| 650 | 0 | 7 |
_avšeobecné vedomosti _2SNKPH |
| 650 | 0 | 7 |
_aFacts and features _2SNKPHeng |
| 650 | 0 | 7 |
_aGeneral knowledge _2SNKPHeng |
| 655 | 7 |
_apublikácie pre deti _2SNKPH |
|
| 655 | 7 |
_aChildren's literature _2SNKPHeng |
|
| 700 | 1 |
_aWursterová, Alica, _d1949- _4trl |
|
| 910 | _asvkbb | ||
| 910 | _ahevk | ||
| 910 | _asnk | ||
| 910 | _askpk | ||
| 910 | _abjkdg | ||
| 910 | _atotk | ||
| 942 |
_2ddc _cOLDE _n0 |
||
| 949 |
_6270001000453288 _asvkbbA 141448 _bsvkbbm 744446 |
||
| 949 |
_617A1112542 _asnkSC 160054 _bsnk2014/14304 _o1057/14 _s6100:20140925 |
||
| 949 |
_617A1112541 _asnkSC 160054 D1 _bsnk2014/14307 _o1057/14 |
||
| 999 |
_c21873 _d21873 |
||